<?xml version="1.0" encoding="UTF-8"?>
<collection xmlns="http://www.loc.gov/MARC21/slim">
<record>
  <controlfield tag="001">121231</controlfield>
  <controlfield tag="005">20230111133148.0</controlfield>
  <datafield tag="024" ind1="7" ind2=" ">
    <subfield code="2">doi</subfield>
    <subfield code="a">10.31009/InDret.2021.i4.01</subfield>
  </datafield>
  <datafield tag="024" ind1="8" ind2=" ">
    <subfield code="2">sideral</subfield>
    <subfield code="a">131777</subfield>
  </datafield>
  <datafield tag="037" ind1=" " ind2=" ">
    <subfield code="a">ART-2021-131777</subfield>
  </datafield>
  <datafield tag="041" ind1=" " ind2=" ">
    <subfield code="a">spa</subfield>
  </datafield>
  <datafield tag="100" ind1=" " ind2=" ">
    <subfield code="a">Alonso Pérez, María Teresa</subfield>
    <subfield code="u">Universidad de Zaragoza</subfield>
    <subfield code="0">(orcid)0000-0002-3362-5088</subfield>
  </datafield>
  <datafield tag="245" ind1=" " ind2=" ">
    <subfield code="a">La Regulación, en tiempos de COVID, de los contratos de servicios y de compraventa celebrados por consumidores</subfield>
  </datafield>
  <datafield tag="260" ind1=" " ind2=" ">
    <subfield code="c">2021</subfield>
  </datafield>
  <datafield tag="520" ind1="3" ind2=" ">
    <subfield code="a">En  este  trabajo  se  analizan  los  tres  primeros  párrafos  del  artículo  36  del  Real Decreto-ley  11/2020,  en  los  que  se  regula  la  patología  que  la  situación  de pandemia provocada por el coronavirus causa sobre los contratos de compraventa y de servicios celebra dos por consumidores y que tienen como principal objetivo la protección de estos. Se toma como referencia para la regulación de esta cuestión la  doctrina  vertida  en  torno  a  la  cláusula  rebus  sic stantibus  lo  que  provoca importantes disfunciones.  Por un lado, el supuesto de hecho no está bien perfilado  y  suscita  numerosos  interrogantes  y,  por  otro  lado, como  remedio  se  otorga  al consumidor una facultad resolutoria con un plazo de prescripción de 14 días y que solo es efectiva si, pasados 60 días, las partes no han conseguido reconfigurar el contenido  del  contrato.      Para  valorar  adecuadamente  esta  regulación  dictada para  unas  circunstancias extraordinarias  se  procede  a  comparar  con  la  que resultaría de aplicación en tiempo ordinario.</subfield>
  </datafield>
  <datafield tag="506" ind1="0" ind2=" ">
    <subfield code="a">Access copy available to the general public</subfield>
    <subfield code="f">Unrestricted</subfield>
  </datafield>
  <datafield tag="540" ind1=" " ind2=" ">
    <subfield code="9">info:eu-repo/semantics/openAccess</subfield>
    <subfield code="a">by-nc</subfield>
    <subfield code="u">http://creativecommons.org/licenses/by-nc/3.0/es/</subfield>
  </datafield>
  <datafield tag="655" ind1=" " ind2="4">
    <subfield code="a">info:eu-repo/semantics/article</subfield>
    <subfield code="v">info:eu-repo/semantics/publishedVersion</subfield>
  </datafield>
  <datafield tag="710" ind1="2" ind2=" ">
    <subfield code="1">4004</subfield>
    <subfield code="2">130</subfield>
    <subfield code="a">Universidad de Zaragoza</subfield>
    <subfield code="b">Dpto. Derecho Privado</subfield>
    <subfield code="c">Área Derecho Civil</subfield>
  </datafield>
  <datafield tag="773" ind1=" " ind2=" ">
    <subfield code="g">4 (2021), 373-392</subfield>
    <subfield code="p">InDret</subfield>
    <subfield code="t">InDret</subfield>
    <subfield code="x">1698-739X</subfield>
  </datafield>
  <datafield tag="856" ind1="4" ind2=" ">
    <subfield code="s">1004562</subfield>
    <subfield code="u">http://zaguan.unizar.es/record/121231/files/texto_completo.pdf</subfield>
    <subfield code="y">Versión publicada</subfield>
  </datafield>
  <datafield tag="856" ind1="4" ind2=" ">
    <subfield code="s">1650707</subfield>
    <subfield code="u">http://zaguan.unizar.es/record/121231/files/texto_completo.jpg?subformat=icon</subfield>
    <subfield code="x">icon</subfield>
    <subfield code="y">Versión publicada</subfield>
  </datafield>
  <datafield tag="909" ind1="C" ind2="O">
    <subfield code="o">oai:zaguan.unizar.es:121231</subfield>
    <subfield code="p">articulos</subfield>
    <subfield code="p">driver</subfield>
  </datafield>
  <datafield tag="951" ind1=" " ind2=" ">
    <subfield code="a">2023-01-11-08:49:52</subfield>
  </datafield>
  <datafield tag="980" ind1=" " ind2=" ">
    <subfield code="a">ARTICLE</subfield>
  </datafield>
</record>
</collection>